[Event "Landesliga U20 Sued 1617"]
[Site "Bayern"]
[Date "2017.03.11"]
[Round "7.1"]
[White "Demir, Ali"]
[Black "Lichtmannecker, Daniel"]
[Result "1-0"]
[WhiteElo "1833"]
[BlackElo "1813"]
[PlyCount "67"]
[EventDate "2016.11.12"]
[EventType "team-tourn"]
[EventRounds "7"]
[EventCountry "GER"]
[SourceTitle "EXT 2022"]
[Source "ChessBase"]
[SourceDate "2021.10.06"]
[SourceVersion "1"]
[SourceVersionDate "2021.10.06"]
[SourceQuality "1"]
[WhiteTeam "Unterhaching U20"]
[BlackTeam "Ergolding FC U20"]
[WhiteTeamCountry "GER"]
[BlackTeamCountry "GER"]

1. d4 e6 2. c4 Nf6 3. Nc3 d5 4. Nf3 c6 5. e3 Bd6 6. Bd3 Nbd7 7. 0-0 0-0 8. b3 dxc4 9. bxc4 e5 10. Bb2 Re8 11. Qc2 Qe7 12. Nd2 exd4 13. exd4 Bxh2+ 14. Kxh2 Ng4+ 15. Kg1 Qd6 16. Nf3 Ndf6 17. Rfe1 Be6 18. Ne4 Nxe4 19. Bxe4 h6 20. Rad1 Rad8 21. Bf5 Qb4 22. Bxe6 fxe6 23. Ne5 Nf6 24. Qb3 Qe7 25. Re2 Nh5 26. Rde1 Nf4 27. Re4 Qg5 28. Qg3 Qxg3 29. fxg3 Nh5 30. Nf3 Kf7 31. Kf2 Nf6 32. Ne5+ Kg8 33. R4e3 Rf8 34. Kg1 1-0

[Event "Landesliga U20 Sued 1516"]
[Site "Bayern"]
[Date "2016.02.27"]
[Round "7.1"]
[White "Tafertshofer, Matthias"]
[Black "Demir, Ali"]
[Result "1-0"]
[WhiteElo "1923"]
[BlackElo "1845"]
[PlyCount "39"]
[EventDate "2015.11.21"]
[EventType "team-tourn"]
[EventRounds "7"]
[EventCountry "GER"]
[SourceTitle "EXT 2022"]
[Source "ChessBase"]
[SourceDate "2021.10.06"]
[SourceVersion "1"]
[SourceVersionDate "2021.10.06"]
[SourceQuality "1"]
[WhiteTeam "Weilheim U20"]
[BlackTeam "Unterhaching U20"]
[WhiteTeamCountry "GER"]
[BlackTeamCountry "GER"]

1. d4 d5 2. c4 e6 3. Nf3 Nf6 4. e3 c6 5. b3 Be7 6. Bb2 0-0 7. Bd3 b6 8. 0-0 Bb7 9. Qe2 c5 10. Ne5 Nc6 11. Rd1 Nb4 12. Nc3 Nxd3 13. Rxd3 Rc8 14. Rad1 Qc7 15. Nb5 Qb8 16. dxc5 bxc5 17. Nf3 Rfd8 18. Be5 Qa8 19. Nc7 Rxc7 20. Bxc7 1-0

[Event "Landesliga U20 Sued 1314"]
[Site "Bayern"]
[Date "2013.11.16"]
[Round "1.2"]
[White "Demir, Ali"]
[Black "Eichler, Alexander"]
[Result "1/2-1/2"]
[WhiteElo "1845"]
[BlackElo "1761"]
[PlyCount "70"]
[EventDate "2013.11.16"]
[EventType "team-tourn"]
[EventRounds "7"]
[EventCountry "GER"]
[SourceTitle "EXT 2022"]
[Source "ChessBase"]
[SourceDate "2021.10.06"]
[SourceVersion "1"]
[SourceVersionDate "2021.10.06"]
[SourceQuality "1"]
[WhiteTeam "Unterhaching U20"]
[BlackTeam "Muenchen Tarrasch U20"]
[WhiteTeamCountry "GER"]
[BlackTeamCountry "GER"]

1. e4 c5 2. Nf3 d6 3. d4 cxd4 4. Nxd4 Nf6 5. Nc3 g6 6. f3 Bg7 7. Be3 Nc6 8. Qd2 0-0 9. 0-0-0 Nxd4 10. Bxd4 Be6 11. Kb1 a6 12. g4 b5 13. h4 b4 14. Ne2 Qa5 15. Nc1 Rfc8 16. g5 Nh5 17. Bxg7 Kxg7 18. Bh3 Bxh3 19. Rxh3 Qc7 20. Rh2 a5 21. f4 d5 22. Rf2 dxe4 23. Qd4+ Kg8 24. Qxe4 Ng3 25. Qf3 Nf5 26. h5 Kg7 27. hxg6 hxg6 28. Qe4 Rd8 29. Rfd2 Rxd2 30. Rxd2 Rd8 31. Rxd8 Qxd8 32. Nd3 f6 33. b3 Qd4 34. gxf6+ Kxf6 35. Qg2 Kg7 1/2-1/2